[Event "8th EUR-ch (w)"]
[Site "Dresden GER"]
[Date "2007.04.08"]
[Round "6"]
[White "Katte, Isabel"]
[Black "Winkelmann, Elena"]
[Result "0-1"]
[WhiteElo "1947"]
[BlackElo "2114"]
[EventDate "2007.04.03"]
[PlyCount "127"]

1.e4 c5 2.Nc3 a6 3.a4 b6 4.Bc4 e6 5.Nf3 Bb7 6.d3 d5 7.exd5 exd5 8.Bb3 Be7 
9.Ne2 Nf6 10.Ng3 O-O 11.O-O Nc6 12.Bg5 h6 13.Bd2 Qd7 14.Qc1 Ng4 15.h3 Nge5
16.Nxe5 Nxe5 17.f4 Nc6 18.f5 Nd4 19.Bxh6 f6 20.Be3 Bd6 21.Bxd4 Bxg3 22.Bf2
Bc7 23.Be3 Rae8 24.a5 Qe7 25.axb6 Bxb6 26.Bf2 Qd6 27.Qd2 Bc7 28.g3 Kh8 29.
Qf4 Qxf4 30.gxf4 d4 31.Be6 g6 32.Rae1 gxf5 33.Bg3 Re7 34.Bxf5 Rff7 35.Kh2 
Rg7 36.Rg1 Bxf4 37.Bg4 Bxg3+ 38.Rxg3 f5 39.Re5 fxg4 40.Rh5+ Rh7 41.hxg4 
Rxh5+ 42.gxh5 Re8 43.Rg6 Re2+ 44.Kg3 Rxc2 45.Rb6 Rg2+ 46.Kf4 Rg7 47.h6 Re7
48.Kg5 Rf7 49.Kg6 Rc7 50.Kf6 c4 51.dxc4 Rd7 52.Ke6 Bc8 53.Rb8 Rd8+ 54.Ke7 
Rg8 55.Rb6 Kh7 56.Rd6 Rg4 57.b4 Bf5 58.Rxa6 d3 59.Rd6 Rxc4 60.b5 Rb4 61.b6
Rb2 62.Kd8 Be4 63.Kc8 d2 64.Kc7 0-1

[Event "8th EUR-ch (w)"]
[Site "Dresden GER"]
[Date "2007.04.08"]
[Round "6"]
[White "Cherednichenko, Elena"]
[Black "Brunello, Roberta"]
[Result "1-0"]
[WhiteElo "2091"]
[BlackElo "1953"]
[EventDate "2007.04.03"]
[PlyCount "110"]

1.d4 d5 2.c4 e6 3.Nc3 Nf6 4.Bg5 Be7 5.e3 Nbd7 6.Nf3 O-O 7.Bd3 dxc4 8.Bxc4 
c5 9.O-O a6 10.a4 b6 11.dxc5 Nxc5 12.Qe2 Nh5 13.Rfd1 Qc7 14.Rac1 h6 15.
Bxe7 Qxe7 16.b4 Nb7 17.Nd4 Nf6 18.Bxa6 Qxb4 19.Nc6 Qa3 20.Nb5 Qxa4 21.Nc7 
Rxa6 22.Ne7+ Kh8 23.Qxa6 Qxa6 24.Nxa6 Bd7 25.Nc6 Nc5 26.Nxc5 bxc5 27.Ne5 
Ba4 28.Rd2 Kg8 29.Ra2 Bb3 30.Rb2 c4 31.Nxc4 Bxc4 32.Rxc4 Rd8 33.Kf1 Rd7 
34.f3 Nd5 35.Kf2 Kf8 36.h4 h5 37.Rc5 g6 38.e4 Nf4 39.Ke3 Nd3 40.Rc8+ Kg7 
41.Rd2 Ne5 42.Rxd7 Nxd7 43.Rd8 Ne5 44.Kf4 Kf6 45.g4 Nc6 46.Rc8 e5+ 47.Ke3 
Nd4 48.f4 Ne6 49.g5+ Ke7 50.f5 Nd8 51.Rc5 f6 52.fxg6 Ne6 53.Ra5 fxg5 54.
hxg5 Nxg5 55.Rxe5+ Kf6 1-0

[Event "8th EUR-ch (w)"]
[Site "Dresden GER"]
[Date "2007.04.08"]
[Round "6"]
[White "Ohme, Melanie"]
[Black "Apanaviciute, Kristina"]
[Result "1-0"]
[WhiteElo "2225"]
[BlackElo "2008"]
[EventDate "2007.04.03"]
[PlyCount "71"]

1.e4 e5 2.Bc4 Nf6 3.d3 c6 4.Nf3 d5 5.Bb3 Bd6 6.Nc3 Bc7 7.O-O Bg4 8.exd5 
Nxd5 9.Ne4 O-O 10.h3 Bh5 11.Ng3 Bg6 12.h4 Nf4 13.Re1 Nd7 14.d4 Qf6 15.dxe5
Nxe5 16.Nxe5 Bxe5 17.h5 Rad8 18.Qg4 Rd4 19.hxg6 Nd3 20.Qe2 Nxe1 21.gxf7+ 
Kh8 22.Qxe1 Rh4 23.Bd2 c5 24.Bd5 Rg4 25.c4 b5 26.Qe2 Rh4 27.Re1 Bd6 28.b3 
Qg6 29.Qf3 Rd4 30.Be3 Rg4 31.Bc1 Rh4 32.Qe3 h6 33.Qe6 Qxe6 34.Rxe6 Bc7 35.
Re8 Bd6 36.Nf5 1-0

[Event "8th EUR-ch (w)"]
[Site "Dresden GER"]
[Date "2007.04.08"]
[Round "6"]
[White "Rolli, Corinne"]
[Black "Sokalskaya, Elena"]
[Result "0-1"]
[WhiteElo "2009"]
[BlackElo "2147"]
[EventDate "2007.04.03"]
[PlyCount "80"]

1.d4 Nf6 2.c4 g6 3.Nc3 d5 4.Nf3 Bg7 5.Bg5 Ne4 6.Bf4 Nxc3 7.bxc3 dxc4 8.
Qa4+ c6 9.Qxc4 O-O 10.e3 Be6 11.Qb4 b6 12.Be2 Nd7 13.O-O h6 14.e4 c5 15.
Qa4 Nf6 16.Bd3 a6 17.d5 Bd7 18.Qc2 b5 19.c4 bxc4 20.Bxc4 Bb5 21.Rad1 Rc8 
22.Rfe1 Qa5 23.e5 Nd7 24.Bd2 Qa4 25.Bb3 Qg4 26.Re4 Qf5 27.Rde1 c4 28.Bxc4 
Bxc4 29.Qc3 Nb6 30.Qb4 Bb5 31.Rd4 Rfd8 32.d6 exd6 33.Rxd6 Bf8 34.Rxd8 Rxd8
35.Qa5 Rb8 36.Nd4 Qd7 37.Qc3 Na4 38.Qa1 Rd8 39.Be3 Bg7 40.f4 Qd5 0-1

[Event "8th EUR-ch (w)"]
[Site "Dresden GER"]
[Date "2007.04.08"]
[Round "6"]
[White "Sokalska, Viktorija"]
[Black "Bakalarz, Grazyna"]
[Result "0-1"]
[WhiteElo "2045"]
[BlackElo "2081"]
[EventDate "2007.04.03"]
[PlyCount "116"]

1.e4 g6 2.Nc3 Bg7 3.d3 c6 4.g3 d5 5.Bg2 dxe4 6.Nxe4 Nd7 7.Ne2 Ngf6 8.O-O 
O-O 9.f4 Qb6+ 10.Kh1 e6 11.N2c3 Nd5 12.Na4 Qc7 13.c4 N7b6 14.Nac3 f5 15.
Ng5 Re8 16.Re1 Nf6 17.a4 a5 18.Be3 Ng4 19.Bg1 h6 20.Nf3 Kh7 21.h3 Nf6 22.
Rc1 Nh5 23.Bf2 Bd7 24.Ne5 c5 25.Nb5 Bxb5 26.cxb5 Nd7 27.Nxd7 Qxd7 28.Rxc5 
Rad8 29.Bf1 Bxb2 30.Qc2 Bg7 31.Rc7 Qd5+ 32.Kh2 Rd7 33.Rc5 Qd6 34.Rc1 Red8 
35.Qd2 Bd4 36.R5c4 Bxf2 37.Qxf2 e5 38.fxe5 Qxe5 39.Re1 Qd6 40.Be2 Nf6 41.
Rec1 h5 42.Qf3 Re7 43.R1c2 Nd5 44.Rd4 Qe5 45.Qf2 Nb4 46.Rxd8 Nxc2 47.Bf3 
Ne3 48.d4 Qc7 49.Ra8 h4 50.Bg2 Nxg2 51.Kxg2 hxg3 52.Qd2 f4 53.d5 Qc4 54.
Kg1 Re2 55.Rc8 Qe4 56.Rh8+ Kxh8 57.Qc3+ Kh7 58.Qc7+ Kh6 0-1

[Event "8th EUR-ch (w)"]
[Site "Dresden GER"]
[Date "2007.04.08"]
[Round "6"]
[White "Hafenstein, Andrea"]
[Black "Richards, Heather"]
[Result "0-1"]
[WhiteElo "1945"]
[BlackElo "2220"]
[EventDate "2007.04.03"]
[PlyCount "88"]

1.e4 e6 2.Qe2 c5 3.g3 Nc6 4.Nf3 g6 5.Bg2 Bg7 6.c3 d6 7.Na3 Nge7 8.O-O O-O 
9.Nc2 e5 10.Rb1 f5 11.d3 Be6 12.c4 h6 13.Nfe1 f4 14.b4 cxb4 15.Nxb4 Nd4 
16.Qd1 f3 17.Bxf3 Nxf3+ 18.Nxf3 Bg4 19.Qb3 Bxf3 20.c5+ Kh7 21.Nc2 Qd7 22.
Ne1 Be2 23.cxd6 Nc6 24.Be3 Bxf1 25.Kxf1 Qxd6 26.Qc4 Qd7 27.Kg2 Rf7 28.Nf3 
Raf8 29.Nh4 Bf6 30.Bc5 Rc8 31.Qa4 Bxh4 32.gxh4 Qg4+ 33.Kh1 Qf3+ 34.Kg1 
Qxd3 35.Rd1 Qf3 36.Be3 Qg4+ 37.Kh1 b5 38.Qb3 Qxe4+ 39.Kg1 Rcf8 40.h5 Qg4+ 
41.Kh1 Qxh5 42.Kg1 Qg4+ 43.Kh1 Nd4 44.Qd3 Nf3 0-1

[Event "8th EUR-ch (w)"]
[Site "Dresden GER"]
[Date "2007.04.09"]
[Round "7"]
[White "Lahno, Kateryna"]
[Black "Zawadzka, Jolanta"]
[Result "1/2-1/2"]
[WhiteElo "2467"]
[BlackElo "2348"]
[EventDate "2007.04.03"]
[PlyCount "96"]

1.e4 e5 2.Nf3 Nc6 3.Bb5 a6 4.Ba4 Nf6 5.O-O b5 6.Bb3 Bc5 7.c3 d6 8.a4 Bb7 
9.d3 h6 10.Nh4 Ne7 11.Kh1 Qd7 12.axb5 axb5 13.Rxa8+ Bxa8 14.f4 Bb6 15.Qf3 
exf4 16.Bxf4 Qg4 17.Bg3 Qxf3 18.Nxf3 O-O 19.Na3 Bc6 20.Nd4 Bxd4 21.cxd4 
Bd7 22.Nc2 Nh5 23.Bf2 Nf4 24.Nb4 Nc6 25.Nxc6 Bxc6 26.Rd1 Bd7 27.Be3 Ne6 
28.d5 Ng5 29.Rc1 Rc8 30.Kg1 f5 31.Kf2 Nf7 32.Bd4 Kf8 33.Ke3 g6 34.Bf6 Ne5 
35.Bxe5 dxe5 36.exf5 gxf5 37.g4 fxg4 38.Ke4 Ke7 39.Kxe5 h5 40.Re1 Rf8 41.
d6+ cxd6+ 42.Kd5+ Kd8 43.Kxd6 Rf6+ 44.Kd5 Rf2 45.Kd6 h4 46.Bd5 Rf6+ 47.Kc5
Rf2 48.Kd6 Rf6+ 1/2-1/2

[Event "8th EUR-ch (w)"]
[Site "Dresden GER"]
[Date "2007.04.09"]
[Round "7"]
[White "Rajlich, Iweta"]
[Black "Pahtz, Elisabeth"]
[Result "1-0"]
[WhiteElo "2408"]
[BlackElo "2442"]
[EventDate "2007.04.03"]
[PlyCount "101"]

1.d4 Nf6 2.c4 e6 3.Nc3 Bb4 4.Qc2 O-O 5.Nf3 c5 6.dxc5 Na6 7.g3 Nxc5 8.Bg2 
b6 9.O-O Bb7 10.Nb5 Be4 11.Qd1 Nb7 12.a3 Be7 13.Bf4 Rc8 14.Rc1 a6 15.Nc3 
Bc6 16.b4 h6 17.Re1 a5 18.Qb3 axb4 19.axb4 Nh5 20.Be5 f5 21.Nd5 Bd6 22.b5 
Nc5 23.Qd1 Bxe5 24.Nxe5 Bb7 25.e3 exd5 26.Qxh5 d6 27.Nc6 Bxc6 28.bxc6 dxc4
29.Rxc4 Rf6 30.Bd5+ Kh7 31.Ra1 Qe7 32.Qd1 Rff8 33.Rb4 Rb8 34.Rab1 Qc7 35.
Qc2 g6 36.h4 h5 37.Bf3 Rfe8 38.Bxh5 d5 39.Bf3 Qxc6 40.h5 Re6 41.hxg6+ Kxg6
42.Rg4+ Kf6 43.Qc3+ Ke7 44.Qg7+ Kd6 45.Bxd5 Qxd5 46.Rd4 Qxd4 47.exd4 Ne4 
48.d5 Kxd5 49.Qc7 Ree8 50.Rd1+ Ke6 51.Qc6+ 1-0

[Event "8th EUR-ch (w)"]
[Site "Dresden GER"]
[Date "2007.04.09"]
[Round "7"]
[White "Foisor, Cristina"]
[Black "Javakhishvili, Lela"]
[Result "0-1"]
[WhiteElo "2384"]
[BlackElo "2425"]
[EventDate "2007.04.03"]
[PlyCount "160"]

1.c4 Nf6 2.g3 e6 3.Bg2 d5 4.Nf3 Be7 5.O-O O-O 6.d4 c6 7.Qc2 b6 8.Nbd2 Bb7 
9.e4 Nbd7 10.e5 Ne8 11.cxd5 cxd5 12.Re1 Rc8 13.Qd1 Ba6 14.Nf1 Nb8 15.h4 
Nc6 16.Bg5 Na5 17.Ne3 Nc7 18.Rc1 h6 19.Bxe7 Qxe7 20.Qd2 Nc4 21.Nxc4 dxc4 
22.Nh2 Rfd8 23.Ng4 Nd5 24.Be4 Kf8 25.Bb1 Nb4 26.Rc3 Nd3 27.Re4 Rc7 28.Ne3 
Bb7 29.Bxd3 cxd3 30.Rf4 Ba6 31.d5 exd5 32.Rxc7 Qxc7 33.e6 f6 34.Ra4 Bc8 
35.Qxd3 Bxe6 36.Qa3+ Qc5 37.Rxa7 d4 38.Nf1 Qxa3 39.Rxa3 Rc8 40.Nd2 Rc1+ 
41.Kg2 Rc2 42.Rd3 Rxb2 43.a3 Ra2 44.Rxd4 b5 45.Rd3 Bf5 46.Rd5 Bg6 47.g4 
Ke7 48.h5 Bh7 49.f3 Ke6 50.Rd4 Rxa3 51.Ne4 Bxe4 52.Rxe4+ Kd6 53.Kg3 Ra7 
54.Kf2 Rb7 55.Rd4+ Kc5 56.Ke3 b4 57.Kd3 b3 58.Rc4+ Kd5 59.Rd4+ Ke6 60.Re4+
Kf7 61.Re1 b2 62.Kc2 b1=Q+ 63.Rxb1 Rxb1 64.Kxb1 f5 65.gxf5 Kf6 66.Kc2 Kxf5
67.Kd3 Kf4 68.Ke2 Kg5 69.Kf2 Kxh5 70.Kg3 Kg5 71.f4+ Kf5 72.Kf3 h5 73.Kg3 
g6 74.Kf3 h4 75.Kg2 Kxf4 76.Kh3 g5 77.Kg2 g4 78.Kf2 g3+ 79.Kg2 Kg4 80.Kg1 
Kf3 0-1

[Event "8th EUR-ch (w)"]
[Site "Dresden GER"]
[Date "2007.04.09"]
[Round "7"]
[White "Bojkovic, Natasa"]
[Black "Muzicuk, Anna"]
[Result "1/2-1/2"]
[WhiteElo "2408"]
[BlackElo "2474"]
[EventDate "2007.04.03"]
[PlyCount "92"]

1.e4 c5 2.Nf3 e6 3.d4 cxd4 4.Nxd4 a6 5.Bd3 Bc5 6.Nb3 Ba7 7.Qe2 Nc6 8.Be3 
d6 9.O-O Nge7 10.Rd1 O-O 11.c4 e5 12.Bxa7 Rxa7 13.Nc3 Be6 14.Qd2 Qb8 15.
Bf1 Rd8 16.Nd5 b5 17.Rac1 b4 18.Na1 a5 19.Nc2 Rb7 20.b3 h6 21.g3 Qa7 22.
Kh1 Qc5 23.Bg2 Rbd7 24.Rf1 f5 25.Nxe7+ Nxe7 26.exf5 Nxf5 27.Rce1 Rf7 28.
Re2 Bd7 29.Rd1 Bc6 30.Bxc6 Qxc6+ 31.Qd5 Ne7 32.Qxc6 Nxc6 33.Rd5 Kf8 34.Kg2
Ke7 35.Nd4 Nxd4 36.Rxd4 Ke6 37.Rd5 Ra8 38.Rb5 Raa7 39.f4 Rf5 40.Rb6 Rc7 
41.fxe5 Rxe5 42.Rd2 Rd7 43.Kf3 Rf7+ 44.Kg2 Rd7 45.Kf3 Rf7+ 46.Kg2 Rd7 
1/2-1/2

[Event "8th EUR-ch (w)"]
[Site "Dresden GER"]
[Date "2007.04.09"]
[Round "7"]
[White "Khukhashvili, Sopiko"]
[Black "Kovalevskaya, Ekaterina"]
[Result "1/2-1/2"]
[WhiteElo "2334"]
[BlackElo "2432"]
[EventDate "2007.04.03"]
[PlyCount "41"]

1.e4 e5 2.Nf3 Nc6 3.Nc3 Nf6 4.d4 exd4 5.Nxd4 Bb4 6.Nxc6 bxc6 7.Bd3 d5 8.
exd5 cxd5 9.O-O O-O 10.Bg5 c6 11.Qf3 h6 12.Bxf6 Qxf6 13.Qxf6 gxf6 14.Ne2 
Bd6 15.Rad1 Be6 16.b3 a5 17.a4 Rab8 18.Nd4 c5 19.Nf5 Bxf5 20.Bxf5 Rfd8 21.
Bd3 1/2-1/2

[Event "8th EUR-ch (w)"]
[Site "Dresden GER"]
[Date "2007.04.09"]
[Round "7"]
[White "Michna, Marta"]
[Black "Vajda, Szidonia"]
[Result "1/2-1/2"]
[WhiteElo "2355"]
[BlackElo "2407"]
[EventDate "2007.04.03"]
[PlyCount "43"]

1.f4 Nf6 2.Nf3 g6 3.g3 Bg7 4.Bg2 O-O 5.O-O c5 6.d3 d5 7.c3 Nc6 8.h3 Qc7 9.
Qe1 b6 10.Na3 Ba6 11.Rb1 Rac8 12.b4 cxb4 13.cxb4 b5 14.Nc2 e5 15.Nxe5 Nxe5
16.fxe5 Qxe5 17.Bb2 Qd6 18.Nd4 Nh5 19.g4 Nf4 20.Qf2 Nxg2 21.Kxg2 Bb7 22.a3
1/2-1/2

[Event "8th EUR-ch (w)"]
[Site "Dresden GER"]
[Date "2007.04.09"]
[Round "7"]
[White "Lomineishvili, Maia"]
[Black "Celuskina, Irina"]
[Result "1-0"]
[WhiteElo "2399"]
[BlackElo "2332"]
[EventDate "2007.04.03"]
[PlyCount "79"]

1.d4 Nf6 2.Nf3 e6 3.e3 c5 4.Bd3 a6 5.O-O Qc7 6.c4 d6 7.Nc3 Be7 8.b3 cxd4 
9.exd4 b5 10.Bg5 Nbd7 11.Rc1 b4 12.Ne4 Bb7 13.Qc2 h6 14.Bf4 Nh5 15.Bd2 Rb8
16.c5 Bxe4 17.Bxe4 dxc5 18.dxc5 Nhf6 19.Be3 O-O 20.Bd3 Nd5 21.Bd4 Bf6 22.
Bxa6 Bxd4 23.Nxd4 Ne5 24.Qb2 Ng4 25.Nf3 Ra8 26.Bd3 Ra5 27.Rc4 Ngf6 28.Rfc1
Rfa8 29.Bb1 Nc3 30.R4xc3 bxc3 31.Qxc3 Nd5 32.Qc2 Rc8 33.Qh7+ Kf8 34.c6 Ra6
35.Nd4 Qf4 36.Re1 Raxc6 37.Nxc6 Rxc6 38.Qh8+ Ke7 39.Qa8 Rc1 40.Qa3+ 1-0

[Event "8th EUR-ch (w)"]
[Site "Dresden GER"]
[Date "2007.04.09"]
[Round "7"]
[White "Zakurdyaeva, Irina"]
[Black "Melia, Salome"]
[Result "0-1"]
[WhiteElo "2286"]
[BlackElo "2396"]
[EventDate "2007.04.03"]
[PlyCount "106"]

1.e4 c5 2.Nf3 d6 3.d4 cxd4 4.Nxd4 Nf6 5.Nc3 Nc6 6.Be2 e5 7.Nb3 Be7 8.Be3 
O-O 9.Qd2 a5 10.Rd1 a4 11.Nc1 Ra5 12.O-O Be6 13.Bf3 Qc7 14.Rfe1 a3 15.bxa3
Nd4 16.Nb3 Nxf3+ 17.gxf3 Ra6 18.Nb5 Qc6 19.Qb4 Rfa8 20.Nd2 Ra4 21.Qb2 d5 
22.Rb1 d4 23.Bg5 h6 24.Bh4 Bh3 25.Bg3 Nd7 26.c3 d3 27.c4 Bg5 28.Red1 Qf6 
29.Qc3 Bxd2 30.Qxd3 Ba5 31.Nd6 Bb6 32.Nf5 Bd4 33.Nxd4 exd4 34.f4 Rxa3 35.
Qxd4 Rxa2 36.Qd5 Qc6 37.Rxb7 Ra1 38.Rbb1 Rxb1 39.Rxb1 Rc8 40.f5 Nf6 41.
Qxc6 Rxc6 42.f3 g6 43.fxg6 fxg6 44.Rb8+ Kf7 45.e5 Nd7 46.Rh8 h5 47.Rh7+ 
Ke6 48.f4 Rxc4 49.Kf2 Bf5 50.Kf3 Rc3+ 51.Kf2 Nc5 52.Ke2 Bg4+ 53.Ke1 Ne4 
0-1

[Event "8th EUR-ch (w)"]
[Site "Dresden GER"]
[Date "2007.04.09"]
[Round "7"]
[White "Bosboom-Lanchava, Tea"]
[Black "Kursova, Maria"]
[Result "1-0"]
[WhiteElo "2383"]
[BlackElo "2324"]
[EventDate "2007.04.03"]
[PlyCount "81"]

1.Nf3 c5 2.c4 Nc6 3.d4 cxd4 4.Nxd4 Nf6 5.Nc3 e6 6.g3 a6 7.Bg2 Qc7 8.O-O 
Be7 9.b3 O-O 10.Bb2 Nxd4 11.Qxd4 Rb8 12.e4 d6 13.Rac1 b6 14.Na4 Bd7 15.Nc3
Bc8 16.Rfd1 Bb7 17.b4 Rfd8 18.Nb1 Ne8 19.Qe3 Bf6 20.Ba3 h6 21.Nd2 Rbc8 22.
Nb3 Bg5 23.f4 Be7 24.Bb2 Nf6 25.Bd4 Nd7 26.Qf2 Bc6 27.Qe2 Qb8 28.f5 exf5 
29.exf5 Bxg2 30.Qxg2 Bf6 31.Bxf6 Nxf6 32.Nd4 d5 33.c5 bxc5 34.bxc5 Re8 35.
c6 Re4 36.Qc2 Qe5 37.Qc5 Ng4 38.c7 Re3 39.Nc6 Qxf5 40.Qxe3 Nxe3 41.Ne7+ 
1-0

[Event "8th EUR-ch (w)"]
[Site "Dresden GER"]
[Date "2007.04.09"]
[Round "7"]
[White "Vasylevich, Tatiana"]
[Black "Muhren, Bianca"]
[Result "1/2-1/2"]
[WhiteElo "2383"]
[BlackElo "2311"]
[EventDate "2007.04.03"]
[PlyCount "52"]

1.d4 d5 2.c4 dxc4 3.Nf3 Nf6 4.e3 e6 5.Bxc4 c5 6.O-O a6 7.a4 Nc6 8.Qe2 Qc7 
9.Nc3 Bd6 10.dxc5 Bxc5 11.h3 O-O 12.e4 Nh5 13.Rd1 Nf4 14.Bxf4 Qxf4 15.e5 
Nd4 16.Nxd4 Bxd4 17.Rxd4 Qxd4 18.Rd1 Qc5 19.b4 Qc7 20.Rd6 b5 21.axb5 axb5 
22.Nxb5 Qe7 23.Qd2 Ba6 24.Rd7 Rad8 25.Rxe7 Rxd2 26.Na3 Rd1+ 1/2-1/2

[Event "8th EUR-ch (w)"]
[Site "Dresden GER"]
[Date "2007.04.09"]
[Round "7"]
[White "Kononenko, Tatiana"]
[Black "Jurgens, Vera"]
[Result "1-0"]
[WhiteElo "2382"]
[BlackElo "2290"]
[EventDate "2007.04.03"]
[PlyCount "65"]

1.d4 d6 2.c4 e5 3.d5 f5 4.e4 fxe4 5.Nc3 Nf6 6.Nge2 Bf5 7.Ng3 Bg6 8.Bg5 Be7
9.h4 h5 10.Bxf6 gxf6 11.Be2 f5 12.Bxh5 Bxh5 13.Nxh5 Rh7 14.Qe2 Na6 15.Nxe4
fxe4 16.Qxe4 Rxh5 17.Qg6+ Kd7 18.Qg4+ Ke8 19.Qxh5+ Kd7 20.Qf5+ Ke8 21.Qg6+
Kd7 22.Qe6+ Ke8 23.Rh3 Qc8 24.Qg6+ Kd7 25.Rg3 Qe8 26.Qe6+ Kd8 27.Rg8 Bf8 
28.h5 Qxe6 29.dxe6 Ke7 30.h6 Bxh6 31.Rxa8 Nb4 32.Ke2 Nc6 33.Rh8 1-0

[Event "8th EUR-ch (w)"]
[Site "Dresden GER"]
[Date "2007.04.09"]
[Round "7"]
[White "Socko, Monika"]
[Black "Foisor, Sabina-Francesca"]
[Result "1/2-1/2"]
[WhiteElo "2481"]
[BlackElo "2333"]
[EventDate "2007.04.03"]
[PlyCount "107"]

1.d4 d5 2.c4 c6 3.e3 Nf6 4.Nc3 e6 5.Bd2 Nbd7 6.Rc1 Be7 7.Nf3 O-O 8.Qc2 Re8
9.Bd3 c5 10.cxd5 exd5 11.O-O c4 12.Be2 Bd6 13.b3 cxb3 14.Qxb3 Nb6 15.Nb5 
Nc4 16.Nxd6 Nxd2 17.Nxd2 Qxd6 18.Bf3 b6 19.Rc3 Bd7 20.Rfc1 h6 21.h3 g5 22.
Qd1 Rac8 23.Nb1 Rxc3 24.Rxc3 a5 25.Rc1 Kg7 26.Nc3 Rc8 27.Ne2 b5 28.Rxc8 
Bxc8 29.Qc2 Bd7 30.Nc1 b4 31.Qd2 Bb5 32.Nb3 Qb6 33.Nc5 Bc4 34.Qc2 Qb5 35.
Bg4 Qe8 36.Bf5 Qb5 37.f3 Qb8 38.Qf2 Nh5 39.Bd3 Qb5 40.Bb1 Qb8 41.Qc2 Nf6 
42.Ne6+ Kg8 43.Qf5 Qe8 44.Qxf6 Qxe6 45.Qd8+ Kg7 46.Kf2 Qa6 47.Qc7 a4 48.
Qe5+ Qf6 49.Qe8 Qa6 50.Qb8 Bf1 51.Qe5+ Kg8 52.Qe8+ Kg7 53.Qe5+ Kg8 54.Qe8+
1/2-1/2

[Event "8th EUR-ch (w)"]
[Site "Dresden GER"]
[Date "2007.04.09"]
[Round "7"]
[White "Dzagnidze, Nana"]
[Black "Sharevich, Anna"]
[Result "1-0"]
[WhiteElo "2435"]
[BlackElo "2323"]
[EventDate "2007.04.03"]
[PlyCount "117"]

1.d4 d5 2.c4 e6 3.Nc3 Be7 4.Nf3 Nf6 5.Bg5 h6 6.Bh4 O-O 7.e3 b6 8.Bd3 Bb7 
9.O-O c5 10.dxc5 bxc5 11.cxd5 exd5 12.Rc1 Nbd7 13.Bf5 Nb6 14.Qe2 g6 15.Bb1
Ne4 16.Bxe7 Nxc3 17.Rxc3 Qxe7 18.Rfc1 Nd7 19.Bd3 a6 20.Ra3 Qf6 21.Qc2 Rfc8
22.Be2 Qe7 23.h4 Nf6 24.Nd2 h5 25.Bf3 c4 26.Rc3 Ng4 27.Bxg4 hxg4 28.h5 Kg7
29.Nf1 Rh8 30.Ng3 Qe5 31.hxg6 fxg6 32.Qd1 Bc8 33.e4 Be6 34.exd5 Qxd5 35.
Qe1 Bf7 36.Rxc4 Rhe8 37.Qc3+ Qe5 38.Qxe5+ Rxe5 39.Rxg4 Bxa2 40.Rc7+ Kf6 
41.Ne4+ Ke6 42.f3 g5 43.Nxg5+ Kd6 44.Rc2 Bd5 45.Rd2 Kc6 46.f4 Rf5 47.Nh3 
Rh5 48.Rg5 Rxg5 49.Nxg5 Rf8 50.g3 Rh8 51.Kf2 Rf8 52.Nf3 Kc5 53.Ne5 Be6 54.
Nd7+ Bxd7 55.Rxd7 Rb8 56.Rd2 Kb4 57.f5 Kb3 58.Ke3 a5 59.f6 1-0

[Event "8th EUR-ch (w)"]
[Site "Dresden GER"]
[Date "2007.04.09"]
[Round "7"]
[White "Repkova, Eva"]
[Black "Peptan, Corina-Isabela"]
[Result "1/2-1/2"]
[WhiteElo "2328"]
[BlackElo "2422"]
[EventDate "2007.04.03"]
[PlyCount "183"]

1.e4 c5 2.b3 a6 3.f4 Nc6 4.Nf3 e6 5.Bb2 d5 6.e5 Nh6 7.c3 Be7 8.Bd3 b5 9.
O-O O-O 10.Bc2 f6 11.d4 Qb6 12.Qd3 g6 13.Nbd2 Bd7 14.exf6 Rxf6 15.Ne5 Nxe5
16.fxe5 Rxf1+ 17.Rxf1 cxd4 18.cxd4 Rc8 19.Bb1 Nf5 20.Nf3 b4 21.Rf2 a5 22.
Qd2 Bf8 23.g4 Bh6 24.Qe1 Ne7 25.h4 a4 26.bxa4 Bxa4 27.h5 gxh5 28.g5 Bg7 
29.Nh4 Be8 30.Qd1 Bg6 31.Nxg6 hxg6 32.Bxg6 Nxg6 33.Qxh5 Nxe5 34.g6 Nxg6 
35.Qxg6 Rf8 36.Re2 Rf6 37.Qe8+ Rf8 38.Qg6 Qa6 39.Qg4 Rf5 40.Bc1 Qc4 41.Be3
Qd3 42.Kh2 Qd1 43.Kg3 Kf7 44.Rf2 Qg1+ 45.Kh3 Qh1+ 46.Kg3 Qg1+ 47.Kh3 Qxg4+
48.Kxg4 Bh6 49.Re2 Bxe3 50.Rxe3 Rf2 51.Rb3 Rxa2 52.Rxb4 Rf2 53.Kg3 Re2 54.
Rb7+ Kf6 55.Rb1 Re3+ 56.Kf2 Rd3 57.Rb4 Kf5 58.Ra4 Rc3 59.Ra1 Rd3 60.Ra4 
Ke4 61.Ra6 Rf3+ 62.Ke2 Rf6 63.Ra4 Rh6 64.Kd2 Rh2+ 65.Kc3 Rh3+ 66.Kc2 Re3 
67.Rb4 Kf4 68.Rb6 Kf3 69.Kd2 Re2+ 70.Kd3 Re1 71.Kd2 Re3 72.Ra6 Kf4 73.Rb6 
Re4 74.Kd3 Kf5 75.Ra6 Rh4 76.Rb6 Rh3+ 77.Kd2 Rg3 78.Ra6 Rg6 79.Kd3 e5 80.
Ra5 Rg3+ 81.Ke2 exd4 82.Rxd5+ Ke4 83.Rh5 Rg2+ 84.Kd1 Rg1+ 85.Kd2 Rg2+ 86.
Kd1 Kd3 87.Rh3+ Kc4 88.Rf3 Rg1+ 89.Kd2 Ra1 90.Rh3 Ra2+ 91.Kd1 Rg2 92.Rf3 
1/2-1/2

[Event "8th EUR-ch (w)"]
[Site "Dresden GER"]
[Date "2007.04.09"]
[Round "7"]
[White "Pogonina, Natalia"]
[Black "Rudolf, Anna"]
[Result "1-0"]
[WhiteElo "2419"]
[BlackElo "2301"]
[EventDate "2007.04.03"]
[PlyCount "83"]

1.e4 e6 2.d4 d5 3.Nd2 c5 4.exd5 Qxd5 5.Ngf3 cxd4 6.Bc4 Qd6 7.O-O Nf6 8.Nb3
Nc6 9.Nbxd4 Nxd4 10.Nxd4 a6 11.Bb3 Bd7 12.c3 Qc7 13.Qe2 Bd6 14.h3 O-O-O 
15.a4 h6 16.Be3 Kb8 17.Rfd1 Bh2+ 18.Kh1 Bf4 19.Bxf4 Qxf4 20.Re1 Bc8 21.a5 
Rhe8 22.Ba4 Bd7 23.Bxd7 Rxd7 24.Ra4 Qc7 25.Rb4 Ka8 26.Nb3 Red8 27.Rc4 Qd6 
28.Nc5 Rc7 29.Rd4 Qe7 30.Rxd8+ Qxd8 31.Rd1 Qe7 32.b4 Kb8 33.Qe5 Kc8 34.Na4
Nd5 35.Qxg7 Kb8 36.Qe5 f6 37.Qd4 Qh7 38.c4 Qc2 39.cxd5 Qxa4 40.dxe6 Re7 
41.Qd8+ Ka7 42.Qb6+ 1-0

[Event "8th EUR-ch (w)"]
[Site "Dresden GER"]
[Date "2007.04.09"]
[Round "7"]
[White "Burtasova, Anna"]
[Black "Ovod, Evgenia"]
[Result "0-1"]
[WhiteElo "2314"]
[BlackElo "2384"]
[EventDate "2007.04.03"]
[PlyCount "66"]

1.e4 c5 2.c3 d5 3.exd5 Qxd5 4.d4 e6 5.Nf3 Nf6 6.Na3 Qd8 7.Nc2 Nc6 8.Be3 
cxd4 9.Ncxd4 Nd5 10.Nxc6 bxc6 11.Qa4 Nxe3 12.fxe3 Qb6 13.Be2 Bc5 14.Ne5 
O-O 15.O-O Qxb2 16.Bh5 g6 17.Qc4 Qb5 18.Qe4 f5 19.Qf3 Bd6 20.Nxg6 hxg6 21.
Bxg6 Qe5 22.Qh5 Qxh2+ 23.Qxh2 Bxh2+ 24.Kxh2 Kg7 25.Bh5 Rh8 26.g4 fxg4 27.
Rf7+ Kg8 28.Rc7 Rxh5+ 29.Kg3 e5 30.Rd1 Rh3+ 31.Kf2 Bf5 32.Rg1 Rb8 33.Rd1 
Be4 0-1

[Event "8th EUR-ch (w)"]
[Site "Dresden GER"]
[Date "2007.04.09"]
[Round "7"]
[White "Vasilevich, Irina"]
[Black "Schuurman, Petra"]
[Result "1/2-1/2"]
[WhiteElo "2380"]
[BlackElo "2295"]
[EventDate "2007.04.03"]
[PlyCount "120"]

1.e4 c6 2.d4 d5 3.Nd2 dxe4 4.Nxe4 Bf5 5.Nc5 Nd7 6.Nxb7 Qc7 7.Nc5 Nxc5 8.
dxc5 Rd8 9.Bd3 e6 10.Be3 Nf6 11.Qe2 Bxd3 12.cxd3 Qa5+ 13.Qd2 Qxd2+ 14.Kxd2
Bxc5 15.Bxc5 Ne4+ 16.Ke3 Nxc5 17.d4 Na4 18.Nf3 f6 19.Rhc1 Kd7 20.Rc2 Rb8 
21.b3 Nb6 22.Ne1 Kd6 23.Rac1 Rhc8 24.Rc5 Rc7 25.Kd2 Nd5 26.R1c4 Rb5 27.Nd3
Nb6 28.Rc1 Nd5 29.R5c4 Nb6 30.R4c2 Nd7 31.b4 Rd5 32.Ke3 g5 33.f4 gxf4+ 34.
Nxf4 Rb5 35.Nd3 Rh5 36.a4 Nb6 37.Nf4 Rxh2 38.b5 e5 39.Rxc6+ Rxc6 40.Rxc6+ 
Kd7 41.dxe5 fxe5 42.Nd3 Nxa4 43.Nxe5+ Ke7 44.Kf3 Rh4 45.g4 Rh3+ 46.Kf4 Rb3
47.Ra6 Nc3 48.Rxa7+ Ke6 49.Nc6 Ne2+ 50.Kg5 Rxb5+ 51.Kh6 Kd6 52.Nd8 Rb4 53.
Nf7+ Ke6 54.Ng5+ Kd6 55.Ra6+ Kc7 56.Ne6+ Kb7 57.Nc5+ Kc7 58.g5 Rh4+ 59.Kg7
Nd4 60.Rf6 Rg4 1/2-1/2

[Event "8th EUR-ch (w)"]
[Site "Dresden GER"]
[Date "2007.04.09"]
[Round "7"]
[White "Meshcheriakova, Evgenia"]
[Black "Kachiani-Gersinska, Ketino"]
[Result "0-1"]
[WhiteElo "2309"]
[BlackElo "2375"]
[EventDate "2007.04.03"]
[PlyCount "72"]

1.e4 e5 2.Nf3 Nc6 3.Bb5 a6 4.Ba4 Nf6 5.d3 b5 6.Bb3 Be7 7.Nbd2 O-O 8.Nf1 d5
9.Qe2 dxe4 10.dxe4 Nd4 11.Nxd4 Qxd4 12.c3 Qb6 13.h3 a5 14.Bg5 a4 15.Bc2 h6
16.Bxf6 Qxf6 17.Ne3 c6 18.O-O Be6 19.Ng4 Qg5 20.Kh1 Rfd8 21.Bd3 Bc5 22.Nh2
Ra7 23.Nf3 Qh5 24.Kh2 Rad7 25.Rfd1 Bxf2 26.Qxf2 Rxd3 27.Rxd3 Rxd3 28.Qe2 
Rd7 29.Rd1 Rxd1 30.Qxd1 Qg6 31.Nxe5 Qxe4 32.Qd8+ Kh7 33.Nd7 Bxd7 34.Qxd7 
Qd5 35.Qe8 Qxa2 36.Qxc6 Qxb2 0-1

[Event "8th EUR-ch (w)"]
[Site "Dresden GER"]
[Date "2007.04.09"]
[Round "7"]
[White "Stepovaya, Tatiana"]
[Black "Umudova, Nargiz"]
[Result "1-0"]
[WhiteElo "2375"]
[BlackElo "2198"]
[EventDate "2007.04.03"]
[PlyCount "81"]

1.e4 c5 2.Nc3 Nc6 3.g3 g6 4.d3 Bg7 5.Be3 d6 6.Qd2 e5 7.Bg2 Nge7 8.f4 Nd4 
9.Nf3 Rb8 10.O-O O-O 11.Nd1 b6 12.Nh4 exf4 13.Bxf4 Ne6 14.Bh6 d5 15.Bxg7 
Kxg7 16.Nf5+ Nxf5 17.exf5 Nd4 18.f6+ Kh8 19.Ne3 Be6 20.c3 Nf5 21.g4 Nxe3 
22.Qxe3 Rg8 23.Qg5 Qd7 24.Rae1 Rbe8 25.Rf4 Bf5 26.Re7 Rxe7 27.fxe7 Be6 28.
Qf6+ Rg7 29.g5 Kg8 30.Rf1 h5 31.Re1 Kh7 32.Bf3 Rg8 33.Bxh5 Qe8 34.Bf3 Qd7 
35.Bg4 Re8 36.Rxe6 fxe6 37.Qf7+ Kh8 38.Qf8+ Kh7 39.Qh6+ Kg8 40.Qxg6+ Kh8 
41.Qh6+ 1-0